| 000 | 00589nam a2200229Ia 4500 | ||
|---|---|---|---|
| 005 | 20250425161824.0 | ||
| 008 | 250425s9999 xx 000 0 und d | ||
| 020 | _a1886938474 | ||
| 041 | _aspa | ||
| 082 | _a338.5 | ||
| 245 | 0 | _aGESTION DE RIESGOS FINANCIEROS:UN ENFOQUE PRACTICO PARA PAISES LATINOAMERICANOS | |
| 250 | _a1A ED. | ||
| 260 |
_aEstados Unidos _bBANCO INTERAMERICANO DE DESARROLLO _c1999 |
||
| 260 | _aNEW YORK | ||
| 300 | _a443 | ||
| 650 | _aCAPITAL | ||
| 650 | _aFINANZAS | ||
| 650 | _aMERCADO | ||
| 650 | _aMICROECONOMIA | ||
| 942 | _c01 | ||
| 010 | _a31046 | ||
| 999 |
_c216793 _d216793 |
||